| 000 | 02001nam a22003497a 4500 | ||
|---|---|---|---|
| 003 | AR-RoUNCS | ||
| 005 | 20260608172134.0 | ||
| 007 | ta | ||
| 008 | 260608s2023 ag a|||| |||| 00| 0 spa d | ||
| 020 | _a9789878210469 | ||
| 040 |
_aAR-RoUNCS _bspa _cAR-RoUNCS |
||
| 041 | _aspa | ||
| 245 | 0 | 0 |
_aLengua y literatura III : _b[prácticas del lenguaje] / _cPatricia Escandar ... [et al.]. |
| 260 |
_aCiudad Autónoma de Buenos Aires : _bEdelvives, _cc2023. |
||
| 300 |
_a224 p. ; _bils. ; _c27 cm. + _e1 cuadernillo de actividades (56 p. ; 27 cm.) |
||
| 490 | 0 | _aDimensión paralela | |
| 505 |
_aBloque I: literatura. _g1. El reflejo de la realidad -- 2. La aparición de lo sobrenatural -- 3. El reino del suspenso -- 4. Futuros literarios -- 5. La poesía en la ciudad -- 6. La identidad en escena. |
||
| 505 |
_aBloque II: Estudio, ciudadanía y medios. _g1. La crónica, un texto narrativo -- 2. El artículo de divulgación científica, un texto expositivo-explicativo -- 3. El discurso publicitario, un texto argumentativo -- 4. La columna de opinión, un texto argumentativo. |
||
| 505 |
_aBloque III: Herramientas de la lengua, uso y reflexión. _g0. Para empezar -- 1. La comunicación -- 2. L oración -- 3. Las construcciones sustantivas y adjetivas -- 4. Los pronombres -- 5. La construcción verbal -- 6. Los verboides y las frases verbales -- 7. Las proposiciones incluidas adjetivas -- 8. Las proposiciones incluidas sustantivas -- 9. Las proposiciones adverbiales -- 10. La expresión de la modalidad -- 11. Las proposiciones adverbiales II -- 12. El texto. |
||
| 650 | 7 |
_2embne _aLengua española |
|
| 650 | 7 |
_2embne _aGéneros literarios |
|
| 655 | 7 |
_2embne _aLibros de texto |
|
| 700 | 1 | _aEscandar, Patricia | |
| 700 | 1 | _aLamanna Guiñazú, Damián | |
| 700 | 1 | _aMartínez Cabrera, Mariel | |
| 700 | 1 | _aRojas, Lorena | |
| 700 | 1 | _aSólimo, Laura | |
| 700 | 1 | _aRovatti, Daniela | |
| 700 | 1 | _aPalermo, Alejandro | |
| 700 | 1 | _aMiller, Ignacio | |
| 942 |
_2udc _cOG _n0 |
||
| 999 |
_c1044 _d1044 |
||